[Event "RM-2011-0-00077"]
[Site "LSS email"]
[Date "2011.07.21"]
[Round "?"]
[White "Lubas, Jozef"]
[Black "Petrovic, Djordje R"]
[Result "0-1"]
[WhiteElo "2264"]
[BlackElo "2572"]
[PlyCount "60"]
[EventDate "2011.04.10"]
[EventType "tourn (corr)"]
[EventRounds "6"]
[EventCountry "GER"]
[SourceTitle "Telechess CBM 151"]
[Source "ChessBase"]
[SourceDate "2012.11.13"]
[SourceVersion "1"]
[SourceVersionDate "2012.11.13"]
[SourceQuality "1"]

1. d4 Nf6 2. c4 g6 3. Nc3 Bg7 4. e4 d6 5. Nf3 0-0 6. Be2 e5 7. 0-0 Nc6 8. d5 Ne7 9. h3 Nh5 10. Bd2 a6 11. Re1 h6 12. Qc1 Kh7 13. Nh2 Nf6 14. Qc2 Nfg8 15. Nf3 f5 16. Rac1 f4 17. c5 Nf6 18. Nd1 Rf7 19. Bc3 g5 20. b4 Ng6 21. Nb2 g4 22. hxg4 Nxg4 23. Nc4 Bf8 24. cxd6 cxd6 25. Ncd2 Nh4 26. Bf1 Rg7 27. Bb2 Be7 28. Qb3 Bd7 29. Re2 Bb5 30. Nc4 Nxf3+ 0-1

[Event "RM-2011-0-00072"]
[Site "LSS email"]
[Date "2011.03.28"]
[Round "?"]
[White "Petrovic, Djordje R"]
[Black "Bytchek, Vladislav"]
[Result "1-0"]
[WhiteElo "2579"]
[BlackElo "1902"]
[PlyCount "51"]
[EventDate "2011.02.15"]
[EventType "tourn (corr)"]
[EventRounds "6"]
[EventCountry "GER"]
[SourceTitle "Corr 2013"]
[Source "ChessBase"]
[SourceDate "2012.11.12"]
[SourceVersion "1"]
[SourceVersionDate "2012.11.12"]
[SourceQuality "1"]

1. c4 e5 2. g3 Nf6 3. Bg2 d5 4. cxd5 Nxd5 5. Nc3 Nb6 6. Nf3 Nc6 7. 0-0 Be7 8. a3 0-0 9. b4 f6 10. d3 Be6 11. Bb2 Kh8 12. Qc2 Qd7 13. Ne4 Bh3 14. Bxh3 Qxh3 15. b5 Nd8 16. Qxc7 Re8 17. Qc2 Nf7 18. Qb3 Nh6 19. Rfc1 Ng4 20. Rc7 Rab8 21. Rac1 f5 22. Nc5 Bd6 23. Ne6 h6 24. Rxg7 Rxe6 25. Qxe6 Rd8 26. Qg6 1-0

[Event "LSS CP-2005-F-00001"]
[Site "LSS email"]
[Date "2009.07.01"]
[Round "?"]
[White "Contreras Poblete, Juan Antonio"]
[Black "Petrovic, Djordje R"]
[Result "0-1"]
[WhiteElo "2364"]
[BlackElo "2587"]
[PlyCount "92"]
[EventDate "2009.07.01"]
[EventType "tourn (corr)"]
[EventRounds "14"]
[EventCountry "GER"]
[SourceTitle "Telechess CBM 141"]
[Source "ChessBase"]
[SourceDate "2011.03.17"]
[SourceVersion "1"]
[SourceVersionDate "2011.03.17"]
[SourceQuality "1"]

1. d4 Nf6 2. c4 g6 3. Nf3 Bg7 4. Bf4 d6 5. Nc3 0-0 6. e3 c5 7. h3 Qb6 8. Rb1 Re8 9. d5 e5 10. Bg5 Bf5 11. Bxf6 Bxf6 12. e4 Bc8 13. Bd3 Nd7 14. 0-0 Bg7 15. a3 a5 16. Nh2 Rf8 17. Be2 f5 18. Re1 Bh6 19. Bd3 Nf6 20. Nf1 Rf7 21. Qc2 Nh5 22. Ne3 Ng7 23. Qd1 Bd7 24. Bc2 Raf8 25. Ba4 Bc8 26. Bc2 Qd8 27. exf5 Nxf5 28. Nxf5 gxf5 29. g3 Rg7 30. Kh2 Bg5 31. Rg1 Qf6 32. Qh5 Rg6 33. Qd1 Qg7 34. Na4 Bd7 35. Nb6 Be8 36. Qf1 Rh6 37. Bd1 f4 38. gxf4 Bxf4+ 39. Kh1 Bg6 40. Bg4 Kh8 41. Re1 Bd2 42. Rg2 e4 43. Re2 e3 44. Rg3 Bd3 45. Qg2 Qxg4 46. Rxg4 Bxe2 0-1

[Event "LSS CP-2005-F-00001"]
[Site "LSS email"]
[Date "2009.07.01"]
[Round "?"]
[White "Petrovic, Djordje R"]
[Black "Contreras Poblete, Juan Antonio"]
[Result "1-0"]
[WhiteElo "2589"]
[BlackElo "2366"]
[PlyCount "111"]
[EventDate "2009.07.01"]
[EventType "tourn (corr)"]
[EventRounds "14"]
[EventCountry "GER"]
[SourceTitle "Telechess CBM 141"]
[Source "ChessBase"]
[SourceDate "2011.03.17"]
[SourceVersion "1"]
[SourceVersionDate "2011.03.17"]
[SourceQuality "1"]

1. e4 e5 2. Nf3 Qe7 3. Nc3 Nf6 4. Bc4 d6 5. d4 exd4 6. Nxd4 d5 7. Bb3 c5 8. Ndb5 a6 9. 0-0 axb5 10. e5 Ng8 11. Nxd5 Qd7 12. e6 fxe6 13. Qh5+ g6 14. Qe5 Kf7 15. Nb6 Qd6 16. Qxd6 Bxd6 17. c4 Ra6 18. Nxc8 b4 19. Nxd6+ Rxd6 20. Be3 Nd7 21. Rfd1 Rxd1+ 22. Rxd1 Ngf6 23. Ba4 Ne5 24. Bxc5 Nxc4 25. Rc1 Ra8 26. Rxc4 Rxa4 27. Rxb4 Rxa2 28. Rxb7+ Ke8 29. Kf1 Nd7 30. Be3 Ke7 31. Ke2 Kd6 32. Kd3 Kc6 33. Rb4 Ra1 34. Rc4+ Kb7 35. Rh4 h5 36. Re4 e5 37. b3 Rg1 38. g3 Rd1+ 39. Kc3 Rd6 40. h3 Rd1 41. Ra4 Nf6 42. Ra7+ Kc8 43. Kc4 Nd5 44. Rg7 Nxe3+ 45. fxe3 e4 46. Rxg6 Rd3 47. h4 Rxe3 48. Kd4 Rxb3 49. Kxe4 Kd7 50. Kf4 Ke7 51. Rg5 Rb4+ 52. Kf3 Rb3+ 53. Kg2 Rb2+ 54. Kh3 Kf6 55. Rxh5 Rb1 56. Ra5 1-0

[Event "LSS CP-2005-F-00001"]
[Site "LSS email"]
[Date "2009.07.01"]
[Round "?"]
[White "Petrovic, Djordje R"]
[Black "Hnatovsky, Nicholas"]
[Result "1/2-1/2"]
[WhiteElo "2592"]
[BlackElo "2290"]
[PlyCount "63"]
[EventDate "2009.07.01"]
[EventType "tourn (corr)"]
[EventRounds "14"]
[EventCountry "GER"]
[SourceTitle "Corr 2013"]
[Source "ChessBase"]
[SourceDate "2012.11.12"]
[SourceVersion "1"]
[SourceVersionDate "2012.11.12"]
[SourceQuality "1"]
[WhiteTeam "US of America"]
[BlackTeam "US of America"]
[WhiteTeamCountry "USA"]
[BlackTeamCountry "USA"]

1. e4 c6 2. Nc3 d5 3. Nf3 Bg4 4. h3 Bxf3 5. Qxf3 e6 6. d4 dxe4 7. Qxe4 Nf6 8. Qh4 Be7 9. Bd3 Nbd7 10. 0-0 0-0 11. Be3 Nb6 12. Rfe1 Re8 13. Rad1 Nbd5 14. Nxd5 cxd5 15. c3 Ne4 16. Qh5 g6 17. Qe2 Nd6 18. g3 Rc8 19. h4 h5 20. Kg2 Bf6 21. Bf4 Nc4 22. b3 Nd6 23. Rc1 Kg7 24. Qf3 a6 25. a4 Rc6 26. Be5 Bxe5 27. dxe5 Nf5 28. Bxf5 exf5 29. Rcd1 Qb6 30. b4 Qc7 31. Qxd5 Ree6 32. Re3 1/2-1/2

[Event "LSS OP-2009-0-00783"]
[Site "LSS email"]
[Date "2009.03.09"]
[Round "?"]
[White "Albesa, Lautaro"]
[Black "Petrovic, Djordje R"]
[Result "0-1"]
[WhiteElo "793"]
[BlackElo "2569"]
[PlyCount "38"]
[EventDate "2009.03.05"]
[EventType "tourn (corr)"]
[EventRounds "4"]
[EventCountry "GER"]
[SourceTitle "Corr 2011"]
[Source "ChessBase"]
[SourceDate "2010.08.31"]
[SourceVersion "1"]
[SourceVersionDate "2010.08.31"]
[SourceQuality "1"]

1. e4 c5 2. Nf3 Nc6 3. d4 cxd4 4. Nxd4 Nf6 5. Nc3 d6 6. Be2 e5 7. Nb3 Be7 8. 0-0 0-0 9. Be3 a5 10. f3 a4 11. Nd2 Nd4 12. Bc4 Qc7 13. Nb5 Nxb5 14. Bxb5 d5 15. exd5 Nxd5 16. Bf2 a3 17. Qc1 Bg5 18. b3 Qc3 19. Rd1 Bf5 0-1